| 000 | 00405nam a22001697a 4500 | ||
|---|---|---|---|
| 003 | MPLRDC | ||
| 005 | 20220104123338.0 | ||
| 008 | 210129b ||||| |||| 00| 0 eng d | ||
| 020 | _a962-15-0170-9 | ||
| 082 | _a426.4 CFW | ||
| 100 | _a陈凤雯编著 | ||
| 245 |
_a丝绳结饰手艺 _c |
||
| 260 |
_a _b香港得利书局 _c1990 |
||
| 300 | _b平 | ||
| 650 | _a中国编结 | ||
| 942 |
_cBK _o426.4 CFW |
||
| 999 |
_c10648 _d10638 |
||